Harry Potter - Famille Sang-Pur - Statistiques

Statistiques générales
  • Ce quiz a été pris 385 fois
  • Le résultat moyen est 10 sur 20
Statistiques - réponses
Prénoms Noms % Correct
Arthur, Ron, Ginny Weasley
98%
Neville, Augusta, Frank Londubat
92%
Lucius, Drago, Scorpius Malefoy
91%
Sirius, Regulus, Elladora Black
90%
Barty Sr., Barty Jr., Caspar Croupton
89%
Rodolphus, Bellatrix, Leta Lestrange
89%
James, Fleamont, Henry Potter
73%
Corvinus, Elvis, Merope Gaunt
58%
Alecto, Hestia, Amycus Carrow
54%
Ernie, Melania, Pippa Macmillan
47%
Hannah, Giffard, Théophile Abbot
46%
Antioche, Cadmus, Ignotus Peverell
45%
Ignatius, Fabian, Gidéon Prewett
35%
Ursula, Marcus, Joséphina Flint
26%
Evan, Vinda, Felix Rosier
26%
Caractacus, Herbert, Elizabeth Beurk
13%
Damocles, Euphemia, Thorfinn Rowle
12%
Gerbold, Geraint, Gervais Ollivander
5%
Torque, Ailsa, Sloan Travers
5%
Sullivan,Hector, Eustache Fawley
4%
Aucun quiz correspondant
Distribution des résultats
% des personnes avec chaque résultat
Percentile par nombre de réponses
Votre historique - résultats
Vous n’avez pas pris ce quiz